000 00964nac a22002777a 4500
001 BR8302568
003 BR-BrBNA
005 20240105115732.0
008 230509b bl.|||m| |||| 00| 0 por d
040 _aBR-BrBNA
_bpor
_cBiblioteca Nacional de Agricultura
072 _aF22; F27; H00
090 _a1410 BR8302568
110 1 _aEmpresa de Assistencia Tecnica e Extensao Rural do Estado de Mato Grosso, Cuiaba (Brasil)
_94017
245 1 _aDiretrizes tecnicas de feijao. Regiao de Cuiaba [Mato Grosso, Brasil]
260 3 _aCuiaba, MT (Brasil):
_c1983.
300 _a31 p.
490 _aDiretrizes Tecnicas - Empresa de Assistencia Tecnica e Extensao Rural do Estado de Mato Grosso (Brazil)
_vno. 1
_x
650 _aFEIJAO
650 _aPRATICA CULTURAL
650 _aPRAGA DE PLANTA
650 _aDOENCA DE PLANTA
650 _aANALISE DO SOLO
650 _aMATO GROSSO
909 _a202312
_bLúcia Elande
_c55
_dLúcia Elande
942 _2AGRIS
_n0
_cMS
999 _c276156
_d276156